Political Geography: German, Austrian Colonies - Statistics

General Stats
  • This quiz has been taken 93 times
  • The average score is 22 of 33
Answer Stats
Colonial Territory Colonizer Present-day Sovereign State % Correct
Tanzania
94%
Deutsch-Südwestafrika (German South West Africa) (1884-1915) German Empire Namibia
93%
Papua New Guinea
87%
Somalia
87%
Deutsch-Samoa (German Samoa) (1900-1914) German Empire Samoa
86%
Kenya
85%
Witu Protectorate / Wituland / Swahililand (1885-1890) German Empire Kenya
85%
Togo
85%
Deutsch-Ostafrika (German East Africa) (1885-1918) German Empire Burundi
80%
Cameroon
80%
Rwanda
80%
Großfriedrichsburg (Brandenburger Gold Coast / Prussian Gold Coast) (1682-1721) Brandenburg-Prussia Ghana
79%
German Katanga (1886) German Empire Democratic Republic of the Congo
75%
Palau
74%
Ouidah (c. 1721) Brandenburg-Prussia Benin
73%
Deutsch-Westafrika (German West Africa) (1884-1919) German Empire Benin
73%
Deutsch-Neuguinea (German New Guinea) (1884-1919) German Empire Marshall Islands
71%
Deutsch-Somaliland (German Somali Coast) (1885-1888) German Empire Djibouti
70%
Mozambique
70%
Delagoa Bay (1777-1781) Habsburg Monarchy Mozambique
70%
Micronesia
69%
Schutzgebiet Gando (Gando Protectorate) (1895-1897) German Empire Nigeria
68%
Nauru
64%
United States (American Samoa)
63%
United States (Northern Mariana Islands)
63%
Guinea
46%
Venezuela
45%
Klein-Venedig (Little Venice) (1528-1546) Free City of Augsburg Colombia
43%
Cabelon (1744-1750) Habsburg Monarchy India
43%
Banquibazar (1719-1723) Habsburg Monarchy India
43%
Arguin (1685-1721) Brandenburg-Prussia Mauritania
42%
New Courland (on and off, 1632-1690) Duchy of Courland and Semigallia Trinidad and Tobago
31%
Neu-Askania (1828-1856) House of Ascania Ukraine
23%
No matching quizzes found
Score Distribution
Percent of People with Each Score
Percentile by Number Answered
Your Score History
You have not taken this quiz